Statistiques concernant Age of Empires II - nom des animaux

Cliquez ici pour prendre le quiz!

Statistiques générales

  • Ce quiz a été pris 27 fois
  • Le résultat moyen est 13 sur 40

Statistiques - réponses

Animal% Correct
Mouton
86%
Loup
81%
AérienAigle
76%
Jaguar
76%
Cheval
57%
Lion
57%
Sanglier
57%
Vache
57%
Cerf
52%
Dindon/dinde
52%
Eléphant
52%
Saumon
48%
Chèvre
38%
Ours
38%
Thon
38%
Tigre
38%
Chameau
33%
Crocodile
33%
Faucon
29%
Vautour
29%
Zébre
29%
TerrestreAne
24%
Dorade
24%
Rhinocéros
24%
Ara
19%
Cochon
19%
Tortue
19%
Mouette
14%
Perche
14%
Autruche
10%
Bison
10%
Bouquetin
10%
Cigogne
10%
AquatiqueDauphin
10%
Singe
10%
Vivaneau
10%
Dragon de Komodo
5%
Léopard des neiges
5%
Martin
5%
Poisson de rivage
5%

Distribution des résultats

Percentile par nombre de réponses

% des personnes avec chaque résultat

Votre développement - résultats

Vous n’avez pas pris ce quiz